Partis Politiques avec des députés européens français - Statistiques

Statistiques générales
  • Ce quiz a été pris 270 fois
  • Le résultat moyen est 8 sur 18
Statistiques - réponses
Parti Nombre de sièges % Correct
Rassemblement National 19
97%
Les Républicains 7
94%
Parti Socialiste 3
91%
La France Insoumise 3
90%
La République en Marche 10
85%
Europe Écologie Les Verts 10
84%
Mouvement Démocrate 5
67%
Reconquête 4
52%
Horizons 1
43%
Place Publique 2
41%
Agir 1
24%
Nouvelle Donne 1
17%
Les Centristes 1
16%
Mouvement Radical 1
8%
Gauche Républicaine et socialiste 1
6%
Parti de Gauche 2
5%
Parti de la nation corse 1
2%
Alliance Écologiste Indépendante 1
0%
Aucun quiz correspondant
Distribution des résultats
% des personnes avec chaque résultat
Percentile par nombre de réponses
Votre historique - résultats
Vous n’avez pas pris ce quiz